000 00472nam a2200193Ia 4500
005 20250423095807.0
008 250422s9999 xx 000 0 und d
020 _a9781292073064
050 _aHD 1415 .P46/
100 _aPenson, John B.
245 0 _aIntroduction to agricultural economics
250 _a6th ed.
260 _aEngland
260 _bPearson
260 _c2015
300 _a428 p
650 _a Agriculture--Economic aspects.
942 _cBK
999 _c31352
_d31352